[Event "47th Biel Master Open"]
[Site "Biel SUI"]
[Date "2014.07.19"]
[Round "6.20"]
[White "Antoli Royo, Joaquin Miguel"]
[Black "Meier, Volker"]
[Result "1-0"]
[WhiteTitle "IM"]
[BlackTitle "FM"]
[WhiteElo "2443"]
[BlackElo "2255"]
[WhiteFideId "2259532"]
[BlackFideId "4605802"]
[EventDate "2014.07.14"]

1. e4 c5 2. Nf3 d6 3. d4 Nf6 4. Nc3 cxd4 5. Qxd4 a6 6. e5 Nc6 7. Qa4 dxe5 8.
Nxe5 Bd7 9. Nxd7 Qxd7 10. Bd2 Nd4 11. Qxd7+ Nxd7 12. O-O-O O-O-O 13. g3 e6 14.
Bg2 Be7 15. Rhe1 Nf6 16. Na4 Bd6 17. Re3 b5 18. Nc3 Ng4 19. Re4 Nxf2 20. Rxd4
Nxd1 21. Nxd1 Be5 22. Re4 f6 23. a4 h5 24. axb5 axb5 25. Nc3 h4 26. gxh4 g5 27.
hxg5 Rxh2 28. Re2 b4 29. Nb5 fxg5 30. Kb1 g4 31. Ka2 g3 32. Bxb4 Rd1 33. Na7+
Kc7 34. Ba5+ Kd6 35. c4 Bd4 36. Nb5+ Kd7 37. Nxd4 Rxd4 38. Be1 Rxc4 39. Bxg3 Rh5
40. Be5 Rc5 41. Rd2+ Kc8 42. Bc3 Kc7 43. Rd3 Rcg5 44. Be4 Rh4 45. Re3 Rhg4 46.
b4 Kd6 47. Kb3 Rg3 48. Re2 Rh3 49. Rd2+ Ke7 50. Bd3 Rd5 51. Kc2 Kd6 52. Be4
Rxd2+ 53. Bxd2 e5 54. Bc1 Kc7 55. Bg5 Kd6 56. Bd8 Re3 57. Bb7 Rh3 58. Bb6 Ra3
59. Bc5+ Kc7 60. Be4 Rh3 61. b5 Rh6 62. Kc3 Rh4 63. Bd5 Kd7 64. b6 e4 65. b7 Rh8
66. Bd4 Re8 67. Be5 Rxe5 68. b8=Q Rxd5 69. Kc4 Rd6 70. Kc5 Re6 71. Kd5 Re7 72.
Qb5+ Kc7 73. Qc6+ Kb8 74. Qb6+ Rb7 75. Qd8+ Ka7 76. Kc6 e3 77. Qd4+ Kb8 78. Qe5+
Ka7 79. Qxe3+ Kb8 80. Qe4 Ka7 81. Qd4+ Kb8 82. Qd6+ Ka7 83. Qd8 Rh7 84. Qa5+ Kb8
85. Qb4+ Ka7 86. Qa3+ Kb8 87. Qb3+ Ka7 88. Qa2+ Kb8 89. Qb1+ 1-0

[Event "47th Biel Master Open"]
[Site "Biel SUI"]
[Date "2014.07.21"]
[Round "7.1"]
[White "Sebenik, Matej"]
[Black "Adhiban, Baskaran"]
[Result "1/2-1/2"]
[WhiteTitle "GM"]
[BlackTitle "GM"]
[WhiteElo "2516"]
[BlackElo "2610"]
[WhiteFideId "14602296"]
[BlackFideId "5018471"]
[EventDate "2014.07.14"]

1. Nf3 d5 2. g3 Nf6 3. Bg2 g6 4. O-O Bg7 5. c4 c5 6. cxd5 Nxd5 7. d4 cxd4 8.
Nxd4 O-O 9. Nc3 Nxc3 10. bxc3 Nd7 11. Qb3 Nc5 12. Qa3 Ne6 13. Nxe6 Bxe6 14. Bxb7
Bh3 15. Bg5 Bxf1 16. Bxe7 Qd2 17. Bxa8 Rxa8 18. Rxf1 Qxe2 19. Bc5 a5 20. Be3 a4
21. Rb1 Qc2 22. Rc1 Qe2 23. Rb1 Qc2 24. Rc1 1/2-1/2

[Event "47th Biel Master Open"]
[Site "Biel SUI"]
[Date "2014.07.21"]
[Round "7.2"]
[White "Rakhmanov, Aleksandr"]
[Black "Antipov, Mikhail Al."]
[Result "1/2-1/2"]
[WhiteTitle "GM"]
[BlackTitle "GM"]
[WhiteElo "2626"]
[BlackElo "2502"]
[WhiteFideId "4173708"]
[BlackFideId "4107012"]
[EventDate "2014.07.14"]

1. Nf3 Nf6 2. c4 c5 3. g3 b6 4. Bg2 Bb7 5. O-O d6 6. Nc3 Nbd7 7. d3 g6 8. Rb1
Bg7 9. a3 O-O 10. b4 Bc6 11. Bd2 Ne8 12. Qc1 Nc7 13. Bh6 e5 14. bxc5 bxc5 15.
Nh4 Bxg2 16. Nxg2 Rb8 17. Rxb8 Qxb8 18. Bxg7 Kxg7 19. Ne3 f5 20. Ned5 Nxd5 21.
Nxd5 Qb7 22. f4 Nf6 23. Nxf6 1/2-1/2

[Event "47th Biel Master Open"]
[Site "Biel SUI"]
[Date "2014.07.21"]
[Round "7.3"]
[White "Roiz, Michael"]
[Black "Mikhalevski, Victor"]
[Result "1/2-1/2"]
[WhiteTitle "GM"]
[BlackTitle "GM"]
[WhiteElo "2572"]
[BlackElo "2539"]
[WhiteFideId "2804158"]
[BlackFideId "2801914"]
[EventDate "2014.07.14"]

1. e4 e5 2. Nf3 Nf6 3. Nxe5 d6 4. Nf3 Nxe4 5. d4 d5 6. Bd3 Nc6 7. O-O Be7 8. c4
Nb4 9. Be2 O-O 10. a3 Nc6 11. cxd5 Qxd5 12. Nc3 Nxc3 13. bxc3 Bf5 14. Bf4 Rac8
15. Bd3 Qd7 16. Bxf5 Qxf5 17. Bg3 1/2-1/2

[Event "47th Biel Master Open"]
[Site "Biel SUI"]
[Date "2014.07.21"]
[Round "7.5"]
[White "Molner, Mackenzie"]
[Black "Shankland, Samuel L"]
[Result "1/2-1/2"]
[WhiteTitle "GM"]
[BlackTitle "GM"]
[WhiteElo "2504"]
[BlackElo "2632"]
[WhiteFideId "2021722"]
[BlackFideId "2004887"]
[EventDate "2014.07.14"]

1. d4 Nf6 2. c4 g6 3. g3 c6 4. Bg2 d5 5. Nf3 Bg7 6. cxd5 cxd5 7. O-O O-O 8. Nc3
Ne4 9. Ne5 Nxc3 10. bxc3 Nc6 11. Nxc6 bxc6 12. Qa4 Qb6 13. Ba3 Qa6 14. Qxa6 Bxa6
15. Rfb1 Bxe2 16. Bxe7 Rfb8 1/2-1/2

[Event "47th Biel Master Open"]
[Site "Biel SUI"]
[Date "2014.07.21"]
[Round "7.6"]
[White "Erdos, Viktor"]
[Black "Benkovic, Petar"]
[Result "1/2-1/2"]
[WhiteTitle "GM"]
[BlackTitle "IM"]
[WhiteElo "2648"]
[BlackElo "2434"]
[WhiteFideId "719978"]
[BlackFideId "922641"]
[EventDate "2014.07.14"]

1. Nf3 d5 2. d4 Nf6 3. c4 dxc4 4. e3 b5 5. a4 b4 6. Bxc4 e6 7. O-O Be7 8. Nbd2
Bb7 9. Re1 O-O 10. e4 c5 11. e5 Nd5 12. a5 a6 13. Ne4 cxd4 14. Bg5 h6 15. Bxe7
Nxe7 16. Nd6 Bd5 17. Bxd5 Nxd5 18. Nxd4 Nd7 19. Qe2 Nf4 20. Qe4 Qg5 21. g3 Nd5
22. h4 Qh5 23. Rac1 Rad8 24. f4 Qg4 25. Qf3 Nxe5 26. fxe5 Qxd4+ 27. Qf2 Qxf2+
28. Kxf2 f6 29. Rc6 b3 30. Re4 fxe5+ 31. Ke2 Ra8 32. Rxe5 Nb4 33. Rc4 Nc2 34.
Rxe6 Rad8 35. g4 1/2-1/2

[Event "47th Biel Master Open"]
[Site "Biel SUI"]
[Date "2014.07.21"]
[Round "7.7"]
[White "Rambaldi, Francesco"]
[Black "Bartel, Mateusz"]
[Result "0-1"]
[WhiteTitle "FM"]
[BlackTitle "GM"]
[WhiteElo "2444"]
[BlackElo "2644"]
[WhiteFideId "20657307"]
[BlackFideId "1112635"]
[EventDate "2014.07.14"]

1. d4 e6 2. e4 d5 3. Nd2 Nf6 4. e5 Nfd7 5. Bd3 c5 6. c3 b6 7. Ne4 cxd4 8. cxd4
Nc6 9. Nd6+ Bxd6 10. exd6 Nxd4 11. Qg4 Qf6 12. Bg5 Qe5+ 13. Kf1 h5 14. Qh4 Nf5
15. Qa4 O-O 16. Re1 Qxd6 17. Bxf5 Nc5 18. Qh4 Ba6+ 19. Ne2 exf5 20. Be7 Qe5 21.
Bxf8 Rxf8 22. Qg3 Qxb2 23. Qe3 Nd3 24. f3 Nxe1 25. Kxe1 Bxe2 0-1

[Event "47th Biel Master Open"]
[Site "Biel SUI"]
[Date "2014.07.21"]
[Round "7.8"]
[White "Gallagher, Joseph G."]
[Black "Solak, Dragan"]
[Result "0-1"]
[WhiteTitle "GM"]
[BlackTitle "GM"]
[WhiteElo "2484"]
[BlackElo "2639"]
[WhiteFideId "1303422"]
[BlackFideId "916811"]
[EventDate "2014.07.14"]

1. e4 c6 2. d4 d5 3. Nc3 dxe4 4. Nxe4 Bf5 5. Ng3 Bg6 6. Nf3 Nd7 7. Bc4 e6 8. O-O
Ngf6 9. Re1 Qc7 10. Qe2 Bd6 11. Ne5 Nd5 12. h4 Bxe5 13. dxe5 h6 14. b3 O-O 15.
Bd2 Rfd8 16. Rac1 Ne7 17. Bc3 Nb6 18. Ba5 c5 19. h5 Bh7 20. Bd3 Bxd3 21. cxd3
Rd5 22. f4 Nc6 23. Bc3 Rad8 24. Ne4 Qe7 25. Qg4 Rxd3 26. Bb2 Nd5 27. Nxc5 Rd2
28. Ba1 Rxa2 29. Ne4 Ncb4 30. Qg3 Nc2 31. Re2 Qa3 32. Rcxc2 Rxc2 33. Rxc2 Qxa1+
34. Kh2 Qd1 35. Nf6+ Kh8 36. Rc5 gxf6 37. Qh4 Kh7 38. f5 Rg8 39. fxe6 Qe2 0-1

[Event "47th Biel Master Open"]
[Site "Biel SUI"]
[Date "2014.07.21"]
[Round "7.9"]
[White "Swiercz, Dariusz"]
[Black "Cherniaev, Alexander"]
[Result "1/2-1/2"]
[WhiteTitle "GM"]
[BlackTitle "GM"]
[WhiteElo "2617"]
[BlackElo "2434"]
[WhiteFideId "1126881"]
[BlackFideId "4117301"]
[EventDate "2014.07.14"]

1. e4 c5 2. Nf3 Nc6 3. Bb5 e6 4. O-O Nge7 5. Re1 Nd4 6. Nxd4 cxd4 7. c3 a6 8.
Bf1 Nc6 9. Na3 g6 10. b3 Bg7 11. Nc4 d6 12. Ba3 Bf8 13. cxd4 Nxd4 14. Bb4 a5 15.
Bc3 Bg7 16. Qb1 O-O 17. Qd3 e5 18. Bxd4 exd4 19. Qg3 Ra6 20. e5 dxe5 21. Nxe5
Re6 22. Bc4 Rxe5 23. Rxe5 Bxe5 24. Qxe5 Re8 25. Qf4 Be6 26. h4 Bxc4 27. bxc4 Qb6
28. h5 Qb2 29. Rf1 d3 30. h6 a4 31. Kh2 Qe5 32. Qxe5 Rxe5 33. Rb1 Re2 34. Rxb7
Kf8 35. Ra7 Rxf2 36. Rxa4 Rxd2 37. Ra3 Ke7 38. Rc3 Rc2 39. Rxd3 1/2-1/2

[Event "47th Biel Master Open"]
[Site "Biel SUI"]
[Date "2014.07.21"]
[Round "7.10"]
[White "Banusz, Tamas"]
[Black "Donchenko, Alexander"]
[Result "1/2-1/2"]
[WhiteTitle "GM"]
[BlackTitle "IM"]
[WhiteElo "2595"]
[BlackElo "2499"]
[WhiteFideId "722413"]
[BlackFideId "24603295"]
[EventDate "2014.07.14"]

1. c4 c5 2. Nf3 Nc6 3. Nc3 Nd4 4. e3 Nxf3+ 5. Qxf3 g6 6. b3 Bg7 7. Bb2 d6 8. g3
Rb8 9. Bg2 Bd7 10. Qe2 Nh6 11. h4 a6 12. d3 Qa5 13. Qc2 Nf5 14. O-O O-O 15. Nd5
Qd8 16. Bxg7 Nxg7 17. d4 cxd4 18. exd4 Bc6 19. Rad1 Nf5 20. Rfe1 e6 21. Nc3 Bxg2
22. Kxg2 Qc7 23. Qd2 b5 24. cxb5 axb5 25. Ne4 h5 26. d5 e5 27. Qg5 Kg7 28. Qf6+
Kh6 29. Rc1 Qd8 30. Qxd8 Rbxd8 31. Rc7 Kg7 32. Rec1 Ra8 33. R1c2 Nd4 34. R2c3
Nf5 35. Rd7 Rxa2 36. Nxd6 Nxd6 37. Rxd6 e4 38. Re3 Re8 39. Rb6 Re5 40. Kf1 Rf5
41. Re2 Rxe2 42. Kxe2 Rxd5 43. b4 f5 1/2-1/2

[Event "47th Biel Master Open"]
[Site "Biel SUI"]
[Date "2014.07.21"]
[Round "7.11"]
[White "Vokarev, Sergey"]
[Black "Kovacevic, Aleksandar"]
[Result "1/2-1/2"]
[WhiteTitle "GM"]
[BlackTitle "GM"]
[WhiteElo "2432"]
[BlackElo "2564"]
[WhiteFideId "4119711"]
[BlackFideId "903124"]
[EventDate "2014.07.14"]

1. e4 c5 2. Nf3 d6 3. Bb5+ Nd7 4. c3 Nf6 5. Qe2 a6 6. Ba4 b5 7. Bc2 e5 8. d4 Be7
9. O-O O-O 10. Re1 Bb7 11. a4 Qb6 12. axb5 axb5 13. Rxa8 Rxa8 14. dxe5 Nxe5 15.
Nxe5 dxe5 16. Nd2 c4 17. Nf1 Bc5 18. Rd1 g6 19. b3 Kg7 20. Qf3 Qc6 21. Ng3 h5
22. Bg5 Ra2 23. Rb1 Nh7 24. Be3 Nf6 25. Bg5 Nh7 26. Be3 Qb6 27. Nf1 Nf6 28. Qg3
Qc7 29. Qf3 Nd7 30. Qg3 Nf6 31. Qf3 Nd7 32. Qg3 Nf6 1/2-1/2

[Event "47th Biel Master Open"]
[Site "Biel SUI"]
[Date "2014.07.21"]
[Round "7.12"]
[White "Minko, Vladimir"]
[Black "Ganguly, Surya Shekhar"]
[Result "1/2-1/2"]
[WhiteTitle "FM"]
[BlackTitle "GM"]
[WhiteElo "2308"]
[BlackElo "2619"]
[WhiteFideId "24146706"]
[BlackFideId "5002150"]
[EventDate "2014.07.14"]

1. d4 Nf6 2. c4 e6 3. g3 d5 4. Nf3 dxc4 5. Bg2 Bd7 6. O-O Bc6 7. a4 a5 8. Nbd2
Na6 9. Nxc4 Nb4 10. Bf4 Be7 11. Rc1 O-O 12. Re1 h6 13. Be5 Ne4 14. Nfd2 Nxd2 15.
Nxd2 f6 16. Bf4 Bxg2 17. Kxg2 Qxd4 18. Nf3 Qe4 19. Bxc7 Na2 20. Ra1 Nb4 21. Rc1
Nd5 22. Qd4 Qxd4 23. Nxd4 Rfc8 24. Nb5 Ra6 25. e4 Nxc7 26. Nxc7 Rb6 27. Nd5 Rxc1
28. Nxe7+ Kf7 29. Rxc1 Kxe7 30. Rc5 Rxb2 31. Rxa5 Kd6 32. h4 Rb6 33. Ra8 Ra6 34.
Rb8 Kc7 35. Rg8 Rxa4 36. Rxg7+ Kc6 37. Rg6 b5 38. Rxf6 b4 39. Rxe6+ Kc5 40. Re7
b3 41. Rc7+ Kd4 42. Rb7 Kc3 43. e5 b2 44. e6 Re4 45. e7 Rxe7 46. Rxe7 b1=Q 47.
Re3+ Kd2 48. Re5 Qa1 49. Re8 Qa5 50. Re3 Qc7 51. Kg1 Qc6 52. Kh2 Qb5 53. Kg2 Qb1
54. Re7 Kd3 55. Re3+ Kd4 56. Re7 Qb5 57. Re3 h5 58. Kg1 1/2-1/2

[Event "47th Biel Master Open"]
[Site "Biel SUI"]
[Date "2014.07.21"]
[Round "7.13"]
[White "Hasenohr, Benedict"]
[Black "Bok, Benjamin"]
[Result "0-1"]
[BlackTitle "GM"]
[WhiteElo "2232"]
[BlackElo "2586"]
[WhiteFideId "1303309"]
[BlackFideId "1017063"]
[EventDate "2014.07.14"]

1. d4 Nf6 2. Nf3 g6 3. c4 Bg7 4. Nc3 d5 5. cxd5 Nxd5 6. e4 Nxc3 7. bxc3 c5 8.
Be3 Qa5 9. Qd2 Nc6 10. Rb1 cxd4 11. cxd4 O-O 12. Qxa5 Nxa5 13. d5 b6 14. Bd2 Bd7
15. Ba6 e6 16. Bxa5 bxa5 17. Bb7 Rab8 18. O-O Rfd8 19. Rfd1 Ba4 20. Rdc1 Bh6 21.
Re1 Bc2 22. Rb2 exd5 23. exd5 Rxd5 24. Bxd5 Rxb2 25. g4 Rb5 26. Re5 Kf8 27. Bb3
Bd3 28. g5 Bg7 29. Re3 Bf5 30. Ba4 Rb1+ 31. Kg2 Be6 32. Ne5 Rb4 33. Bb3 Bxe5 34.
Rxe5 Bxb3 35. axb3 a4 36. bxa4 Rxa4 37. Kg3 Ra6 38. h4 Re6 39. Rb5 a6 40. Rb7
Re7 41. Rb8+ Re8 42. Rb4 a5 43. Ra4 Re5 44. Rc4 h5 45. gxh6 Kg8 46. Rc7 Rf5 47.
Ra7 Kh7 48. f3 Kxh6 49. Kg4 Kg7 50. Ra6 Kf8 51. Ra7 Ke8 52. Rb7 Rc5 53. Ra7 Rd5
54. Kg3 Kf8 55. Kg4 Kg7 56. Ra6 Rf5 57. Rb6 Rf6 58. Rb3 a4 59. Ra3 Ra6 60. Kg3
Kf6 61. Kf4 Ra7 62. Ke4 Ke6 63. f4 Kf6 64. Ke3 Kf5 65. Kf3 Ra8 66. Kg3 Ke4 67.
Kg4 f5+ 68. Kg5 Ra6 69. Ra1 a3 70. Ra2 Kf3 71. h5 gxh5 72. Kxf5 Ra5+ 0-1

[Event "47th Biel Master Open"]
[Site "Biel SUI"]
[Date "2014.07.21"]
[Round "7.14"]
[White "Grandadam, Nicolas"]
[Black "Antoli Royo, Joaquin Miguel"]
[Result "1/2-1/2"]
[WhiteTitle "FM"]
[BlackTitle "IM"]
[WhiteElo "2306"]
[BlackElo "2443"]
[WhiteFideId "681806"]
[BlackFideId "2259532"]
[EventDate "2014.07.14"]

1. b3 e5 2. Bb2 Nc6 3. e3 Nf6 4. Bb5 Bd6 5. Na3 a6 6. Bxc6 dxc6 7. Nc4 Qe7 8. a4
O-O 9. Ne2 e4 10. Nxd6 Qxd6 11. Ng3 Re8 12. O-O Bg4 13. f3 exf3 14. gxf3 Bh3 15.
Rf2 Rad8 16. Qe2 Nd5 17. Kh1 Qh6 18. Rg1 1/2-1/2

[Event "47th Biel Master Open"]
[Site "Biel SUI"]
[Date "2014.07.21"]
[Round "7.15"]
[White "Misiano, Franco"]
[Black "Raetsky, Alexander"]
[Result "0-1"]
[WhiteTitle "FM"]
[BlackTitle "GM"]
[WhiteElo "2288"]
[BlackElo "2431"]
[WhiteFideId "804746"]
[BlackFideId "4103203"]
[EventDate "2014.07.14"]

1. e4 c5 2. Nf3 Nc6 3. d4 cxd4 4. Nxd4 Nf6 5. Nc3 d6 6. Bg5 e6 7. Qd2 a6 8.
O-O-O Bd7 9. f3 b5 10. Nxc6 Bxc6 11. Bd3 Be7 12. Kb1 O-O 13. h4 Rb8 14. Ne2 a5
15. Nd4 Bd7 16. g4 b4 17. Be3 a4 18. h5 e5 19. Nf5 Bxf5 20. gxf5 d5 21. Qg2 Kh8
22. f4 d4 23. Bc1 Bd6 24. fxe5 Bxe5 25. h6 g6 26. Bg5 Qc7 27. Rhf1 Nd7 28. fxg6
hxg6 29. Be7 a3 30. Qd2 axb2 31. Bxb4 Nc5 32. c3 dxc3 33. Bxc3 Nxd3 34. Ba5 Qc1+ 0-1

[Event "47th Biel Master Open"]
[Site "Biel SUI"]
[Date "2014.07.21"]
[Round "7.16"]
[White "Cebalo, Miso"]
[Black "Rudolf, Anna"]
[Result "1-0"]
[WhiteTitle "GM"]
[BlackTitle "WGM"]
[WhiteElo "2426"]
[BlackElo "2277"]
[WhiteFideId "14500094"]
[BlackFideId "722855"]
[EventDate "2014.07.14"]

1. Nf3 d5 2. c4 e6 3. g3 Nf6 4. Bg2 Be7 5. O-O O-O 6. b3 b6 7. Bb2 Bb7 8. e3 c5
9. Nc3 dxc4 10. bxc4 Nc6 11. Qe2 Qc7 12. Rac1 a6 13. Rfd1 Rfd8 14. d4 Na5 15.
Nb1 Rac8 16. Nbd2 Ne4 17. Nb3 Nxb3 18. axb3 Bf6 19. Ne1 h6 20. h4 Qe7 21. Qc2
Nd6 22. dxc5 bxc5 23. Bxf6 gxf6 24. Qe2 f5 25. Qb2 Bxg2 26. Nxg2 Ne4 27. Nf4
Rxd1+ 28. Rxd1 Rd8 29. Qa1 Qf6 30. Rxd8+ Qxd8 31. Nh5 f6 32. Kg2 a5 33. Qa4 Kf7
34. Qc6 e5 35. g4 Nd6 36. Qxc5 fxg4 37. Qd5+ Kg6 38. Ng3 f5 39. Qxe5 Qa8+ 40.
Kg1 Qd8 41. c5 1-0

[Event "47th Biel Master Open"]
[Site "Biel SUI"]
[Date "2014.07.21"]
[Round "7.17"]
[White "Studer, Noel"]
[Black "Grandadam, Patrik"]
[Result "1-0"]
[WhiteTitle "FM"]
[WhiteElo "2375"]
[BlackElo "2243"]
[WhiteFideId "1319620"]
[BlackFideId "682438"]
[EventDate "2014.07.14"]

1. e4 c5 2. Nf3 Nc6 3. Bb5 g6 4. Bxc6 dxc6 5. h3 Bg7 6. d3 Nf6 7. O-O O-O 8. Qe2
Ne8 9. Nbd2 Nc7 10. c3 b6 11. Rd1 e5 12. Nc4 Qe7 13. Bg5 f6 14. Bh4 Ba6 15. Ne3
Ne6 16. Qc2 Qf7 17. Bg3 Rfd8 18. a4 Rd7 19. a5 b5 20. b4 cxb4 21. cxb4 Rc8 22.
Rac1 c5 23. Qb1 cxb4 24. Rxc8+ Bxc8 25. Qxb4 a6 26. d4 exd4 27. Nxd4 Bf8 28. Qb2
Bb7 29. Kh2 Bxe4 30. Nxe6 Rxd1 31. Nxf8 Rd8 32. Ng4 Kxf8 33. Nxf6 Ba8 34. Bf4
Qb7 35. f3 b4 36. Ng4 b3 37. Qh8+ Kf7 38. Qxd8 b2 39. Nh6+ Kg7 40. Be5+ Kxh6 1-0

[Event "47th Biel Master Open"]
[Site "Biel SUI"]
[Date "2014.07.21"]
[Round "7.19"]
[White "Bozinovic, Bogdan"]
[Black "Donchenko, Anatoly"]
[Result "1/2-1/2"]
[WhiteTitle "FM"]
[BlackTitle "IM"]
[WhiteElo "2226"]
[BlackElo "2360"]
[WhiteFideId "14502593"]
[BlackFideId "4106091"]
[EventDate "2014.07.14"]

1. d4 d5 2. c4 dxc4 3. e3 Nf6 4. Bxc4 e6 5. Nf3 c5 6. O-O a6 7. Bb3 Nc6 8. Nc3
Be7 9. dxc5 Bxc5 10. Qxd8+ Kxd8 1/2-1/2

[Event "47th Biel Master Open"]
[Site "Biel SUI"]
[Date "2014.07.21"]
[Round "7.20"]
[White "Schiendorfer, Florian"]
[Black "Rindlisbacher, Lars"]
[Result "0-1"]
[BlackTitle "FM"]
[WhiteElo "2192"]
[BlackElo "2332"]
[WhiteFideId "1312960"]
[BlackFideId "1304178"]
[EventDate "2014.07.14"]

1. c4 c5 2. g3 Nc6 3. Bg2 e5 4. Nc3 g6 5. a3 a5 6. d3 Bg7 7. e3 Nge7 8. Nge2 d6
9. O-O Be6 10. Nd5 O-O 11. Nec3 Rb8 12. Rb1 f5 13. Qe2 b6 14. Bd2 Qd7 15. b4
axb4 16. axb4 e4 17. dxe4 fxe4 18. Bxe4 Ne5 19. Bg2 N7c6 20. bxc5 bxc5 21. Nb5
Bf5 22. e4 Bg4 23. f3 Nxf3+ 24. Bxf3 Rxf3 25. Rxf3 Nd4 26. Qd3 Nxf3+ 27. Kh1 Ne5
28. Qc2 Bf3+ 29. Kg1 Be2 30. Na3 Nf3+ 31. Kg2 Rxb1 32. Nxb1 Nh4+ 33. Kf2 Qg4 34.
Qb3 Bd4+ 35. Ne3 Qf3+ 0-1

[Event "47th Biel Master Open"]
[Site "Biel SUI"]
[Date "2014.07.22"]
[Round "8.1"]
[White "Adhiban, Baskaran"]
[Black "Roiz, Michael"]
[Result "1/2-1/2"]
[WhiteTitle "GM"]
[BlackTitle "GM"]
[WhiteElo "2610"]
[BlackElo "2572"]
[WhiteFideId "5018471"]
[BlackFideId "2804158"]
[EventDate "2014.07.14"]

1. d4 Nf6 2. c4 e6 3. Nf3 d5 4. Nc3 Nbd7 5. Bf4 dxc4 6. e3 a6 7. a4 Bd6 8. Bg5
h6 9. Bh4 b6 10. e4 Be7 11. Bxc4 Bb7 12. e5 Ne4 13. Nxe4 Bxe4 14. Bxe7 Qxe7 15.
O-O O-O 16. Re1 Bb7 17. Bd3 Rfd8 18. Be4 Bxe4 19. Rxe4 c5 20. Qe2 cxd4 21. Rxd4 1/2-1/2

[Event "47th Biel Master Open"]
[Site "Biel SUI"]
[Date "2014.07.22"]
[Round "8.2"]
[White "Bartel, Mateusz"]
[Black "Sebenik, Matej"]
[Result "1-0"]
[WhiteTitle "GM"]
[BlackTitle "GM"]
[WhiteElo "2644"]
[BlackElo "2516"]
[WhiteFideId "1112635"]
[BlackFideId "14602296"]
[EventDate "2014.07.14"]

1. e4 c5 2. Nf3 d6 3. d4 cxd4 4. Nxd4 Nf6 5. Nc3 g6 6. Be3 Bg7 7. f3 Nc6 8. Qd2
O-O 9. g4 Be6 10. Nxe6 fxe6 11. O-O-O Ne5 12. Be2 Qc8 13. Rhe1 Nc4 14. Bxc4 Qxc4
15. Bd4 e5 16. Be3 b5 17. b3 Qc6 18. g5 b4 19. Na4 Nd7 20. Rf1 a5 21. Qd5+ Qxd5
22. Rxd5 Ra6 23. Kd2 Nb8 24. Rb5 Nc6 25. Rb7 e6 26. Kd3 Nd4 27. f4 Nc6 28. Nb6
exf4 29. Rxf4 Ne5+ 30. Ke2 Rxf4 31. Bxf4 Nc6 32. Bxd6 Nd4+ 33. Kd3 Nf3 34. Kc4
Bd4 35. Bc5 1-0

[Event "47th Biel Master Open"]
[Site "Biel SUI"]
[Date "2014.07.22"]
[Round "8.3"]
[White "Mikhalevski, Victor"]
[Black "Solak, Dragan"]
[Result "1-0"]
[WhiteTitle "GM"]
[BlackTitle "GM"]
[WhiteElo "2539"]
[BlackElo "2639"]
[WhiteFideId "2801914"]
[BlackFideId "916811"]
[EventDate "2014.07.14"]

1. c4 c6 2. Nf3 d5 3. e3 Nf6 4. Nc3 a6 5. Qc2 g6 6. b3 Bg7 7. Bb2 O-O 8. d4 Bf5
9. Bd3 Bxd3 10. Qxd3 b5 11. cxd5 cxd5 12. a4 b4 13. Na2 Qb6 14. O-O Nbd7 15.
Rac1 Rfc8 16. Rc2 Rxc2 17. Qxc2 a5 18. Rc1 e6 19. Qc6 Qxc6 20. Rxc6 Kf8 21. Nc1
Ke7 22. Nd3 Ne4 23. Kf1 Kd8 24. Ke2 Nb8 25. Rc1 Nd7 26. Nfe5 f6 27. Nc6+ Ke8 28.
f3 Nd6 29. Nc5 Nxc5 30. Rxc5 Bf8 31. Nxa5 Nf7 32. Nc6 Bxc5 33. dxc5 Rc8 34. Nxb4
Rxc5 35. Bxf6 e5 36. Kd2 Ra5 37. Nd3 e4 38. Nf4 exf3 39. gxf3 g5 40. Ne6 h6 41.
Bc3 Ra7 42. Bd4 Re7 43. Ng7+ Kd7 44. Bf6 Ne5 45. Bxe7 Nxf3+ 46. Ke2 Nxh2 47. Nf5
Ke6 48. a5 Kxf5 49. a6 1-0

[Event "47th Biel Master Open"]
[Site "Biel SUI"]
[Date "2014.07.22"]
[Round "8.4"]
[White "Molner, Mackenzie"]
[Black "Rakhmanov, Aleksandr"]
[Result "1/2-1/2"]
[WhiteTitle "GM"]
[BlackTitle "GM"]
[WhiteElo "2504"]
[BlackElo "2626"]
[WhiteFideId "2021722"]
[BlackFideId "4173708"]
[EventDate "2014.07.14"]

1. e4 e6 2. d4 d5 3. Nd2 dxe4 4. Nxe4 Bd7 5. Nf3 Bc6 6. Bd3 Nd7 7. O-O Ngf6 8.
Ng3 Be7 9. c4 Bxf3 10. Qxf3 c6 11. b3 Qa5 12. Rd1 O-O 13. a3 Rfd8 14. Bb2 Nf8
15. h4 Rd7 16. Bc3 Qc7 17. Nf1 Ne8 18. g3 Bf6 19. Bc2 Rad8 20. Qe3 Nd6 21. Qf3
Nc8 22. Qe3 Ne7 23. Rac1 Qb6 24. b4 Qa6 1/2-1/2

[Event "47th Biel Master Open"]
[Site "Biel SUI"]
[Date "2014.07.22"]
[Round "8.5"]
[White "Antipov, Mikhail Al."]
[Black "Hera, Imre Jr."]
[Result "1/2-1/2"]
[WhiteTitle "GM"]
[BlackTitle "GM"]
[WhiteElo "2502"]
[BlackElo "2561"]
[WhiteFideId "4107012"]
[BlackFideId "716855"]
[EventDate "2014.07.14"]

1. e4 c5 2. Nf3 e6 3. b3 a6 4. Bb2 Nc6 5. Qe2 Nf6 6. e5 Nd5 7. g3 b5 8. Bg2 Rb8
9. O-O Be7 10. d4 cxd4 11. Nxd4 Nxd4 12. Bxd4 Bb7 13. Nd2 O-O 14. c4 Nb4 15. Ne4
bxc4 16. bxc4 Bxe4 17. Bxe4 Qc7 18. Rfd1 g6 19. Bg2 Rfd8 20. Rac1 Qa5 21. Rd2
Nc6 22. Ba1 Bg5 23. f4 Be7 24. Be4 Qc7 25. Kg2 Na5 26. c5 Nb7 27. c6 Nc5 28.
cxd7 Rxd7 29. Rxd7 Qxd7 30. Bf3 Qa4 31. Qc2 Qa3 32. Rd1 h5 33. Bd4 h4 34. Qe2 a5
35. Rd2 Rb1 36. Rc2 Qb4 37. Rb2 Rxb2 38. Qxb2 Qc4 39. Bxc5 1/2-1/2